Biblioteca

The Revelation of St. John (Registro nro. 46311)

Detalles MARC
000 -LÍDER
Campo fijo de descripción fija 00962nam a22003014i 4500
001 - NÚMERO DE CONTROL
Campo de control 19954
003 - IDENTIFICADOR DEL NÚMERO DE CONTROL
Campo de control CO-MdFUSB
005 - FECHA Y HORA DE LA ULTIMA TRANSACCIÓN
control field 20180622073201.0
008 - ELEMENTOS DE LONGITUD FIJA -- INFORMACIÓN GENERAL
Campo fijo de descripción fija -- Información general 180326s1940 enk||||g |||| 00| 0 eng d
040 ## - FUENTE DE CATALOGACIÓN
Agencia de catalogación original CO-MdFUSB
Idioma de catalogación spa
Agencia que realiza la transcripción CO-MdFUSB
Agencia que realiza la modificación CO-MdFUSB
Convenciones de la descripción rda
041 ## - CÓDIGO DE IDIOMA
Código de idioma para texto/pista de sonido o título separado eng
082 ## - NÚMERO DE CLASIFICACIÓN DECIMAL DEWEY
Número de la edición del Dewey 24
Número de clasificación G 228.07
Clave de autor-Numero de item K46r
100 1# - ASIENTO PRINCIPAL--NOMBRE PERSONAL
Nombre personal Kiddle, Martin
Término relacionador autor
242 #3 - TRADUCCIÓN DEL TÍTULO POR AGENCIA CATALOGADORA
Título La revelación de San Juan
Idioma del título original Inglés
245 04 - TÍTULO
Título del Material The Revelation of St. John
Mención de responsabilidad, etc. / Martin Kiddle
264 #1 - PRODUCCIÓN, PUBLICACIÓN, DISTRIBUCIÓN, MANUFACTURA, Y COPYRIGHT
Lugar de producción, publicación, distribución, manufactura London :
Nombre del productor, publicador, distribuidor Hodder and Stoughton,
Fecha de producción, publicación, distribución, manufactura, o copyright [1940]
300 ## - DESCRIPCIÓN FÍSICA
Extensión xlix, 460 páginas
Dimensiones 23 cm.
336 ## - TIPO DE CONTENIDO
Fuente rdacontent
Término de tipo de contenido texto
Código de tipo de contenido txt
337 ## - TIPO DE MEDIO
Fuente rdamedia
Nombre del tipo de medio sin mediación
Código del tipo de medio n
338 ## - TIPO DE SOPORTE
Fuente rdacarrier
Nombre del tipo de soporte volumen
Código Tipo de soporte nc
490 ## - MENCIÓN DE SERIE
Mención de serie The Moffatt New Testament Commentary
501 ## - NOTA DE “CON”
Nota de Contenido Incluye índice (p. 459-460)
505 00 - NOTA DE CONTENIDO
Nota de contenido con formato preestablecido Introducción al libro de Apocalipsis -- Comentario sobre el texto
563 ## - NOTA DE ENCUADERNACIÓN
Nota de encuadernación Pasta dura
630 07 - TITULO UNIFORME
Título uniforme Biblia.
Nombre de parte o sección de la obra Apocalipsis
942 ## - TIPO DE MATERIAL (KOHA)
Tipo de Item KOHA Libros General
Existencias
Estado de Material Estado de Perdido Forma de Clasificación Estado de Dañado No para Préstamo Colección Tomo Biblioteca de Origen Biblioteca Permanente Fecha de Adquisición Total de Préstamos Signatura Topográfica Código de Barras Última vez visto Ejemplar/Existencia Fecha de Remplazo Tipo de Material
    Dewey Decimal Classification     Colección General   Biblioteca FUSBC Biblioteca FUSBC 29/05/2015   G 228.07 K46r 20978 12/12/2019 Ej. 1 26/01/2016 Libros General

Biblioteca FUSBC | Teléfono: (57+4) 349 88 10 Ext. 141| WhatsApp (+57) 3005338115 
E-mail: biblioteca@unisbc.edu.co | Calle 76 87-14 Robledo Palenque, Medellín, Colombia

Con tecnología Koha